00627nam a2200145Ia 4500008004100000100002900041245006400070245011700134260005300251260000900304650001500313856006100328999001900389952007300408170221s9999 xx 000 0 und d aNatalya A. Kargapoltseva aManagement Security of Personality: The Pedagogical Aspect  cNatalya A. Kargapoltseva, Anna G. Samokhvalova, Sergey M. Kargapoltsev, Sergey A. Dneprov, Vladimir V. Kuznetsov bInternational Review of Management and Marketing c2014 xMarketing. uhttp://www.econjournals.com/index.php/irmm/issue/view/72 c314054d314054 001040aCLbCLd2017-02-21l0r2017-02-21 00:00:00w2017-02-21yFOJ